| 000 | 00489nam a22001817a 4500 | ||
|---|---|---|---|
| 003 | OSt | ||
| 005 | 20260129051952.0 | ||
| 008 | 260129b |||||||| |||| 00| 0 eng d | ||
| 020 | _a9710545035 | ||
| 040 |
_aDWCL-Main Lib _cOC |
||
| 082 | _aProf. 899.211 On58a 2010 | ||
| 100 | _aOng, Bob | ||
| 245 | _aAng mga kaibigan ni Mama Susan | ||
| 260 |
_aPasay City : _bVisprint, Inc., _cc2010 |
||
| 300 |
_a127 pages ; _c18 cm. |
||
| 650 | _aFilipino - literature | ||
| 942 |
_2ddc _cPROF. _mProf. _n0 |
||
| 999 |
_c7965 _d7965 |
||